Asian Countries by Population A - Z - Statistics

General Stats
  • This quiz has been taken 64 times
  • The average score is 18 of 20
Answer Stats
Letter Population Answer % Correct
C 1.3 bill China
98%
I 1.2 bill India
98%
J 126 mill Japan
98%
O 4.1 mill Oman
96%
B 158 mill Bangladesh
95%
P 191 mill Pakistan
95%
Q 2.1 mill Qatar
95%
R 34 mill (In Asia only) Russia
95%
V 91 mill Vietnam
95%
Y 26 mill Yemen
95%
L 6.8 mill Laos
93%
T 78 mill Turkey
89%
A 26 mill Afghanistan
86%
K 17.5 mill Kazakhstan
86%
U 31 mill Uzbekistan
86%
N 28 mill Nepal
82%
E 1.2 mill East Timor
80%
M 52 mill Myanmar
79%
G 3.7 mill Georgia
77%
S 31 mill South Korea
77%
No matching quizzes found
Score Distribution
Percent of People with Each Score
Percentile by Number Answered
Your Score History
You have not taken this quiz